Concherías (Registro nro. 2421)

Detalles MARC
000 -Cabecera
Campo de control de longitud fija 00697aam a2200277 4500
005 - Fecha y hora de la última transacción
Campo de control 20250730112641.0
008 - Elementos de longitud fija--Información general
Campo de control de longitud fija 150529b xxu||||| |||| 00| 0 spa d
020 ## - International Standard Book Number
Número Internacional Estándar del Libro (ISBN) 9977232873
041 ## - Idioma
Código de idioma Español
082 ## - Clasificación Decimal Dewey
Número de clasificación CR 861.4 E19c6
100 ## - Entrada principal--Autor personal
Nombre personal Echeverría, Aquileo
245 ## - Título propiamente dicho
Título Concherías
250 ## - Edición
Mención de edición 6 edición
260 ## - Pie de imprenta
Lugar de publicación, distribución, etc. Costa Rica
260 ## - Pie de imprenta
Nombre del editor, distribuidor, etc. Editorial Costa Rica
260 ## - Pie de imprenta
Fecha de publicación, distribución, etc. 1986
300 ## - Descripción física
Extensión 142 páginas
490 ## - Serie
Título de la Serie TEMÁTICA GENERAL
650 ## - Materia general
Temática (materia general) TEMÁTICA GENERAL
650 ## - Materia general
Temática (materia general) LITERATURA COSTARRICENSE
650 ## - Materia general
Temática (materia general) POESÍA COSTARRICENSE
650 ## - Materia general
Temática (materia general) CONCHERÍAS COSTARRICENSES
650 ## - Materia general
Temática (materia general) FOLKLORE CAMPESINO
650 ## - Materia general
Temática (materia general) COSTA RICA
942 ## - Punto de acceso adicional KOHA
Tipo de ítem KOHA Literatura
Fuente del sistema de clasificación o colocación Dewey Decimal Classification
Existencias
Signatura completa Código de barras Tipo de ítem
CR 861.4 E19c6 15576 Literatura